| 000 | 00761cab a2200193 4500 | ||
|---|---|---|---|
| 001 | ##L135125 | ||
| 008 | 060926n2006 000 0 eng u | ||
| 035 | _a(Sirsi) u135125 | ||
| 041 | 0 | _aeng | |
| 100 | 1 | _aWeight, David | |
| 245 | 0 | 0 |
_aWhole-life costs _bbasements |
| 260 | _c2006 | ||
| 490 | 0 |
_aBuilding _v271(8448) 22 September 2006, 68-73(6) |
|
| 520 | _aProvides a comparison of whole-life costs for full and half basements. Includes capital costs, repair and maintenance costs, energy costs and whole-life cost changes for both types of basement. Also highlights construction issues and key risks of basement construction. Graphs. | ||
| 590 | _aIKA031006 | ||
| 651 | 4 |
_aUnited Kingdom _y |
|
| 690 | _aBUILT ENVIRONMENT-BUILDING COSTS | ||
| 942 | _n0 | ||
| 999 |
_c77791 _d77791 |
||